Dismantling the welfare state?: Reagan, Thatcer and the politics of retrenchment

Պահպանված է:
Մատենագիտական մանրամասներ
Հիմնական հեղինակ: Pierson, Paul
Համատեղ հեղինակ: Harvard University
Ձևաչափ: Տեքստ
Հրապարակվել է: New York: Cambridge University Press
Խորագրեր:
Ցուցիչներ: Ավելացրեք ցուցիչ
Չկան պիտակներ, Եղեք առաջինը, ով նշում է այս գրառումը!

MARC

LEADER 00000 a a2200000 04500
001 31382
003
040
020 |a 0-521-40382-0  
090 |a 198300  
100 |a Pierson, Paul  
110 |a Harvard University  
245 |a Dismantling the welfare state?: Reagan, Thatcer and the politics of retrenchment  
260 |a New York:   |b Cambridge University Press  
300 |a 213 p.  
650 |a POLITICA SOCIAL  
650 |a SERVICIOS SOCIALES Y BIENESTAR  
650 |a SISTEMAS DE PREVISION SOCIAL  
650 |a NEOLIBERALISMO  
650 |a ASPECTOS SOCIALES  
650 |a RELACIONES INTERNACIONALES  
650 |a ESTADOS UNIDOS  
650 |a GRAN BRETAÑA  
999 |c 16563  |d 16563